000 00609nam a2200229Ia 4500
003 OSt
005 20220927105224.0
006 a|||||r|||| 00| 0
007 ta
008 220926b |||||||| |||| 00| 0 eng d
024 _a188177
037 _cReference Collections
040 _aRTL
_cRTL
_beng
041 _2eng
_aeng
082 _a"W:52, M4/SC"
100 _aRyan Alan
_9371130
245 0 _aProperty and political theory
260 _aOxford
_bBasil Blackwell
_c1984
300 _a198p
_ccm.
942 _h"W:52, M4/SC"
_cCC
999 _c691367
_d691367